Countries of Europe that Start with S - Statistics

General Stats
  • This quiz has been taken 54 times
  • The average score is 6 of 7
Answer Stats
Answer % Correct
Slovakia
98%
Slovenia
98%
Spain
96%
Sweden
91%
Switzerland
89%
Serbia
81%
San Marino
70%
No matching quizzes found
Score Distribution
Percent of People with Each Score
Percentile by Number Answered
Your Score History
You have not taken this quiz